| 000 | 02834nam a2200277 a 4500 | ||
|---|---|---|---|
| 003 | OSt | ||
| 005 | 20251110135307.0 | ||
| 007 | cr ||||||a|c|a | ||
| 008 | 230526s2020 mx ||||fom||| 001 0 s d | ||
| 040 | _erda | ||
| 100 | 1 |
_9187228 _aUlloa Leitón, Alonso |
|
| 245 | 1 | 0 |
_aManejo integral de las glóquidas del nopal tunero / _cPor Alonso Ulloa Leitón; director de tesis María Edna Álvarez Sánchez |
| 264 |
_aChapingo, México : _bEl autor, _c2020. |
||
| 300 |
_a1 recurso en línea (86 páginas): _bCuadros y figuras. |
||
| 336 |
_2rdacontent _atexto _btxt |
||
| 337 |
_2rdamedia _acomputadora _bc |
||
| 338 |
_2rdacarrier _arecurso en línea _bcr |
||
| 502 |
_bMCADS _cSuelos _d2020 _gMAE |
||
| 504 | _aIncluye referencias bibliográficas: páginas -44-47-61-62-64-71. | ||
| 520 | _aLas glóquidas de la tuna es un residuo orgánico que se deriva del beneficiado del fruto previo a su comercialización. Este residuo se desecha en bolsas plásticas a la orilla de plantaciones o en basureros no regulados donde se acumula debido a su alta resistencia a la degradación natural y a la combustión. El objetivo de la presente investigación fue estudiar la estructura, morfología y composición química de las glóquidas de tuna para evaluar su aprovechamiento como insumo con valor agregado a partir de su hidrólisis ácida o alcalina. La estructura externa de las glóquidas se observó por MEB (Microscopio Electrónico de Barrido) y se encontró que poseen barbas retrorsas. Las dimensiones de las glóquidas en cortes transversales y longitudinales en microscopio son de 67.3 ± 9.56 μm y 1667 ± 292 μm, respectivamente. Los análisis químicos indicaron que su composición estructural es 41.15% celulosa, 41.20% hemicelulosa y 5.27% lignina; y su densidad de 0.157 g mL-1. Los mayores porcentajes de degradación y obtención de azúcares reductores totales se obtuvieron a partir de la hidrólisis con Ácido Sulfúrico, Ácido Fosfórico e Hidróxido de Potasio. Estas soluciones fueron evaluadas como fertilizantes foliares en la calidad de rosas y de tuna. El impacto ambiental para el municipio de Nopaltepec se proyectó mediante un modelo de regresión lineal Y= 0.5628 X, donde se obtuvo 80.1 t de glóquidas para el periodo 2010-2015. En la aplicación de los fertilizantes foliares (a partir del hidrólisis de las glóquidas) en el cultivo de rosas, se encontró diferencia de pedúnculo. Las glóquidas tienen potencial de reintegrarse como insumo nutrimental en cultivos. | ||
| 650 | 4 |
_9136060 _aResiduos orgánicos _xAprovechamiento |
|
| 650 | 4 |
_9156453 _aFertilizantes orgánicos _xProducción |
|
| 700 | 1 |
_94983 _aAlvarez Sánchez, María Edna _edirector. |
|
| 856 |
_uhttp://10.13.5.2/tesis/tm/Ulloa_Leiton_Alonso.pdf _zDESCARGAR PDF |
||
| 942 |
_2Clasificación Universidad Autónoma Chapingo _cTD |
||
| 999 |
_c218844 _d218844 |
||